Справочник по дифференциальным уравнениям в частных производных первого порядка

Dettagli Bibliografici
Autore principale: Камке Э.
Altri autori: Розов Н. Х. (редактор)
Riassunto:Доп. тит. лист на нем. яз.
Пер. с нем.
Lingua:russo
Pubblicazione: Москва, Наука, 1966
Soggetti:
Natura: MixedMaterials Libro
KOHA link:https://koha.lib.tpu.ru/cgi-bin/koha/opac-detail.pl?biblionumber=67816

MARC

LEADER 00000nam0a2200000 4500
001 67816
005 20231031074050.0
035 |a (RuTPU)RU\TPU\book\72210 
090 |a 67816 
100 |a 20040924d1966 km y0rusy50 ca 
101 1 |a rus  |c ger 
102 |a RU 
105 |a a g 001zy 
200 1 |a Справочник по дифференциальным уравнениям в частных производных первого порядка  |f Э. Камке  |g под ред. Н. Х. Розова 
210 |a Москва  |c Наука  |d 1966 
215 |a 260 с.  |c ил.  |e черт. 
300 |a Доп. тит. лист на нем. яз. 
300 |a Пер. с нем. 
320 |a Библиогр.: с. 12. и с. 154 
610 1 |a математика 
610 1 |a дифференциальные уравнения 
610 1 |a частные производные первого порядка 
610 1 |a справочники 
675 |a 517.944(035)  |v 3 
700 1 |a Камке  |b Э. 
702 1 |a Розов  |b Н. Х.  |4 340 
801 1 |a RU  |b 63413507  |c 20040924  |g PSBO 
801 2 |a RU  |b 63413507  |c 20201202  |g PSBO 
942 |c BK